Export-Import and Logistics Management (Record no. 4397)

MARC details
005 - DATE AND TIME OF LATEST TRANSACTION
control field 20250619100835.0
020 ## - INTERNATIONAL STANDARD BOOK NUMBER
International Standard Book Number 9788120340169
082 ## - DEWEY DECIMAL CLASSIFICATION NUMBER
Classification number 658.7 RAI
100 ## - MAIN ENTRY--PERSONAL NAME
Author name RAI, U.
245 ## - TITLE STATEMENT
Title Export-Import and Logistics Management
260 ## - PUBLICATION, DISTRIBUTION, ETC.
Place of publication, distribution, etc. Delhi,
Name of publisher, distributor, etc. PHI.
Date of publication, distribution, etc. 2012.
300 ## - PHYSICAL DESCRIPTION
Extent xvii,318p.; ill.; figure, table
Other physical details Index & Reference
Dimensions 23cm
942 ## - ADDED ENTRY ELEMENTS (KOHA)
Source of classification or shelving scheme Dewey Decimal Classification
Koha item type Books
Holdings
Date last seen Total checkouts Full call number Barcode Cost, replacement price Price effective from Koha item type Lost status Source of classification or shelving scheme Damaged status Not for loan Withdrawn status Home library Current library Shelving location Date acquired Cost, normal purchase price
06/19/2025   658.7 RAI DOM0003620 150000.00 06/19/2025 Books   Dewey Decimal Classification       CBE Dodoma CBE Dodoma Special Reserve Collection 06/01/2020 50000.00
06/19/2025   658.7 RAI DOM0004065 150000.00 06/19/2025 Books   Dewey Decimal Classification       CBE Dodoma CBE Dodoma Special Reserve Collection 06/01/2020 50000.00